000 00505nam a2200181Ia 4500
003 OSt
005 20251219150935.0
008 Pun
037 _cTB
040 _aARTS
_cARTS
_bPun
041 _2Pun
_aPun
084 _aV2y7M89 153L5
_qAL
100 _aਖ਼ੈਜਾ ਸਿੰਘ
_9858107
245 0 _aਜਵਾਹਰਲਾਲ ਨਹਿਰੂ ਅਤੇ ਪੰਜਾਬ
260 _c1975
942 _hV2:25zM89, 153L5
_cTB
_2CC
_n0
999 _c388082
_d388082